Extreme Flags V2 #1 - Statistics

General Stats
  • This quiz has been taken 27 times
  • The average score is 5 of 16
Answer Stats
Picture Answer % Correct
Basque
94%
Friesland
56%
Aragon
50%
Jewish Autonomous Oblast
44%
Golden Horde
22%
Moldavia
22%
Sikkim
22%
Timurrids
22%
Byzantium
17%
Lower Silesia
17%
Mamluks
17%
Mercia
17%
Russian Navy
17%
Allied Occupied Germany
11%
Intermarium
11%
Selangor
11%
No matching quizzes found
Score Distribution
Percent of People with Each Score
Percentile by Number Answered
Your Score History
You have not taken this quiz